Alternative (Im)mobilities (Record no. 43735)

MARC details
001 - CONTROL NUMBER
control field 00000
003 - CONTROL NUMBER IDENTIFIER
control field 0000
005 - DATE AND TIME OF LATEST TRANSACTION
control field 20251013144204.0
020 ## - INTERNATIONAL STANDARD BOOK NUMBER
International Standard Book Number 9781032124315
040 ## - CATALOGING SOURCE
Description conventions rda
050 ## - LIBRARY OF CONGRESS CALL NUMBER
Classification number HE 305 .A41
100 ## - MAIN ENTRY--PERSONAL NAME
Personal name Nogueira, Maria Alice(Editor)
245 ## - TITLE STATEMENT
Title Alternative (Im)mobilities
Statement of responsibility, etc edited by Maria Alice Nogueira
260 ## - PUBLICATION, DISTRIBUTION, ETC. (IMPRINT)
Place of publication, distribution, etc London
Name of publisher, distributor, etc Routledge
Date of publication, distribution, etc 2023
264 ## - PUBLICATION, DISTRIBUTION, ETC. (IMPRINT)
Place of publication, distribution, etc London
Name of publisher, distributor, etc Routledge
Date of publication, distribution, etc 2023
300 ## - PHYSICAL DESCRIPTION
Extent xvi, 159p.
336 ## - CONTENT TYPE
Source rdacontent
338 ## - CARRIER TYPE
Source rdacarrier
490 ## - SERIES STATEMENT
Series statement Changing Mobilities
504 ## - BIBLIOGRAPHY, ETC. NOTE
Bibliography, etc Includes bibliographical references and index
650 ## - SUBJECT ADDED ENTRY--TOPICAL TERM
Source of heading or term Urban Transportation
Form subdivision Choice of Transportation
General subdivision Migration, Internal
942 ## - ADDED ENTRY ELEMENTS (KOHA)
Source of classification or shelving scheme Library of Congress Classification
Koha item type Books
Holdings
Withdrawn status Lost status Source of classification or shelving scheme Damaged status Not for loan Permanent Location Current Location Date acquired Total Checkouts Full call number Barcode Date last seen Price effective from Koha item type
    Library of Congress Classification     NILE UNIVERSITY OF NIGERIA - MAIN LIBRARY NILE UNIVERSITY OF NIGERIA - MAIN LIBRARY 10/13/2025   HE 305 .A41 0199125 10/13/2025 10/13/2025 Books
    Library of Congress Classification     NILE UNIVERSITY OF NIGERIA - MAIN LIBRARY NILE UNIVERSITY OF NIGERIA - MAIN LIBRARY 10/13/2025   HE 305 .A41 0199141 10/13/2025 10/13/2025 Books